| 000 | 00480nam a2200193Ia 4500 | ||
|---|---|---|---|
| 003 | GCL | ||
| 008 | 140319s9999 xx 000 0 eng d | ||
| 020 | _a977.3611191 | ||
| 040 |
_aGCL / _cGCL |
||
| 082 | 0 | 4 |
_a297 _bM I |
| 100 | 1 | _aMAHMOUD AKEF | |
| 245 | 1 | 0 |
_aINTRODUCTION TO ISLAM / _cMAHMOUD AKEF |
| 260 |
_aالقاهرة : _bSAFEER ، _c2003 |
||
| 300 |
_a18 CM ؛ _c158 P |
||
| 650 | 0 | 4 | _aMUSLIMS |
| 650 | 0 | 4 | _aPROPHETS |
| 650 | 0 | 4 | _aISLAM AND HUMANISM |
| 942 |
_2ddc _cBK |
||
| 999 |
_c5677 _d5677 |
||